[Event "Xtracon Invite Chess 2020"]
[Site "Vaerloese"]
[Date "2020.01.15"]
[Round "4.5"]
[White "Hector, Jonny"]
[Black "Kristensen, Kaare Hove"]
[Result "1-0"]
[WhiteElo "2481"]
[BlackElo "2350"]
[Annotator "TA"]
[PlyCount "93"]
[EventDate "2020.01.13"]
[EventType "tourn"]
[EventCountry "DEN"]
[SourceTitle "playchess.com"]
[Source "ChessBase"]
[SourceQuality "1"]

{[%evp 25,93,42,43,20,48,34,49,48,58,53,52,52,63,72,60,25,60,61,56,26,51,42,41,33,29,0,0,-16,0,0,0,0,0,0,0,-11,0,0,0,0,0,0,0,0,0,0,0,0,0,0,0,0,0,-8,-8,-9,-13,-185,0,0,637,625,29990,29991,29991,29992,29992,29993,29993,29994]} 1. e4 c5 2. Nf3 g6 3. d4 cxd4 4. Nxd4 Bg7 5. Nc3 Nc6 6. Be3 Nf6 7. Bc4 O-O 8. Bb3 a5 9. f3 d5 10. Bxd5 Nxd5 11. exd5 Nb4 12. Nde2 Bf5 13. Rc1 b5 14. O-O {B35: Sicilian: Accelerated Dragon with 5 Nc3: main line} (14. a3 Nxc2+ 15. Rxc2 Bxc2 16. Qxc2 b4 17. Na4 Qxd5 18. Nb6 Qe6 19. Kf2 Rab8 20. Nf4 Qa2 21. axb4 axb4 22. Qb1 {½-½ (75) Yakovich,Y (2577)-Tiviakov,S (2618) Port Erin 2001}) 14... Rc8 15. Nd4 $1 Rxc3 16. bxc3 {White is slightly better.} ({Inferior is} 16. Nxf5 Rxe3 17. Nxe3 Qb6 $17) 16... Nxa2 {[%mdl 64] [#] Double Attack} 17. Ra1 $1 {[%cal Ra1a2]} Nxc3 {[%mdl 64] Double Attack} 18. Qd2 Qc7 $1 ({Wrong is} 18... Nxd5 $2 19. Nc6 $18) 19. d6 exd6 20. Nxf5 gxf5 21. Bh6 $1 Qc5+ $146 ({Predecessor:} 21... Bxh6 22. Qxh6 {½-½ (35) Klovans,J (2427)-Vuckovic,A (2333) Leipzig 2003}) 22. Kh1 $1 {aiming for Qg5!} Bxh6 23. Qxh6 a4 $1 24. Qg5+ Kh8 25. g4 f4 26. Qxf4 a3 27. Qf6+ Kg8 28. Rae1 a2 29. h4 Nb1 30. h5 Qxc2 {And now ...Qc3 would win.} 31. Qg5+ Kh8 32. Qf6+ Kg8 {Hoping for ...Qc3.} 33. Rc1 Qe2 34. Qg5+ Kh8 35. Qf6+ {[%mdl 64] Double Attack} Kg8 36. Rfe1 Qd3 37. Qg5+ Kh8 38. Qf6+ $40 {[%mdl 128] White attacks.} Kg8 39. Kg2 h6 {Threatens to win with ...b4.} 40. g5 hxg5 {...Ra8 is the strong threat.} 41. Rg1 $2 (41. h6 $1 $11 {and White stays safe.} Qg6 42. Qa1) 41... Kh7 $2 (41... Ra8 $19 42. Rcd1 Qc3 43. Qxg5+ Qg7 44. Qxg7+ Kxg7 45. Rxb1 axb1=B 46. Rxb1 Rb8) 42. Rc7 $1 $11 {[%cal Rc7f7] [#]} Qd2+ $2 {[%mdl 8192]} (42... g4 $1 $11 43. Rxf7+ (43. fxg4 Qd5+) 43... Rxf7 44. Qxf7+ {[%mdl 64] Double Attack} Kh8 45. Qf6+ Kh7 46. fxg4 Qc2+ 47. Kh1 Qe4+ 48. Rg2 Qe1+ 49. Kh2 a1=Q 50. Qxa1 Qh4+ 51. Kg1 Qe1+ 52. Kh2 Qh4+ 53. Kg1 Qe1+ 54. Kh2) 43. Kh3 $18 Qf4 44. Qg6+ $1 {White mates.} Kh8 45. Qh6+ {[%mdl 64] Double Attack} Kg8 46. Rxg5+ Qxg5 47. Qxg5+ {Accuracy: White = 73%, Black = 53%.} 1-0

[Event "Xtracon Invite Chess 2020"]
[Site "Vaerloese"]
[Date "2020.01.16"]
[Round "5.1"]
[White "Berkes, Ferenc"]
[Black "Olsen, Filip Boe"]
[Result "1-0"]
[WhiteElo "2649"]
[BlackElo "2353"]
[Annotator "TA"]
[PlyCount "65"]
[EventDate "2020.01.13"]
[EventType "tourn"]
[EventCountry "DEN"]
[SourceTitle "playchess.com"]
[Source "ChessBase"]
[SourceQuality "1"]

{[%evp 10,65,6,8,2,7,11,-9,16,14,20,13,17,23,18,8,31,17,32,25,75,60,87,81,90,93,94,95,117,79,87,75,90,66,141,146,452,275,273,279,302,307,281,296,331,329,318,325,315,305,729,764,682,621,712,540,501,482]} 1. g3 Nf6 2. Bg2 d5 3. Nf3 c6 4. O-O Bf5 5. d3 e6 6. Nh4 Bg4 {A07: Réti Opening: New York and Capablanca Systems} 7. h3 Bh5 8. Qe1 Be7 {The position is equal.} 9. f4 Nfd7 10. Nf3 f5 11. e4 O-O 12. Be3 Bxf3 $146 (12... Bc5 {with more complications.} 13. d4 Bb6 14. e5 c5 15. c3 Nc6) ({Predecessor:} 12... fxe4 13. dxe4 Na6 14. g4 {0-1 (66) Stefanova,A (2521)-Tomashevsky,E (2744) Doha 2015}) 13. Bxf3 Bc5 14. d4 {Black must now prevent exf5.} dxe4 15. Bxe4 fxe4 16. dxc5 Na6 17. Nc3 e5 18. f5 Ndxc5 {[#]} 19. b4 $1 {[%mdl 512]} Nd7 (19... Nxb4 20. Bxc5) 20. Nxe4 Qe7 21. Rd1 $36 {[%mdl 2048] White has some pressure.} Nb6 (21... Nf6 $14 22. Nc5 Nd5) 22. f6 Qxb4 $2 {[%mdl 8192]} (22... gxf6 $16 {is more resistant.} 23. Bh6 Kh8 24. Bxf8 Rxf8) 23. Qxb4 Nxb4 24. Bc5 $1 {[%csl LRb4,LRf8][%mdl 64] [#] Double Attack} Nxc2 {next ...Rf7 is good for Black.} 25. Bxf8 Kxf8 26. Rd6 Ne3 27. Rf3 Nec4 28. fxg7+ Kxg7 29. Rdf6 Rd8 $2 (29... Nd5) 30. Rf7+ $18 {[%mdl 64] Double Attack. White is clearly winning.} Kg8 31. Rxb7 Rd1+ 32. Rf1 Rxf1+ 33. Kxf1 {Accuracy: White = 94%, Black = 37%.} 1-0

[Event "Xtracon Invite Chess 2020"]
[Site "Vaerloese"]
[Date "2020.01.16"]
[Round "5.2"]
[White "Brunello, Sabino"]
[Black "Hector, Jonny"]
[Result "1-0"]
[WhiteElo "2536"]
[BlackElo "2481"]
[Annotator "TA"]
[PlyCount "79"]
[EventDate "2020.01.13"]
[EventType "tourn"]
[EventCountry "DEN"]
[SourceTitle "playchess.com"]
[Source "ChessBase"]
[SourceQuality "1"]

{[%evp 12,79,8,8,38,0,22,0,42,38,70,61,79,67,96,88,91,102,100,93,91,105,118,121,112,27,20,32,22,16,13,0,18,20,31,35,29,25,54,32,56,56,56,56,112,105,132,58,64,50,50,55,57,0,12,6,269,269,257,269,260,254,494,491,963,891,1451,1649,1451,1424]} 1. e4 e5 2. Nf3 Nc6 3. Bc4 Nf6 4. d3 Bc5 5. h3 O-O 6. O-O d6 7. c3 Be6 {C54: Giuoco Piano: 4 c3 Nf6, main lines with 5 d4 and 5 d3} (7... h6 8. Re1 a6 9. a4 a5 10. Nbd2 Be6 11. b3 Re8 12. Bb5 Bd7 13. Bb2 Ba7 14. Nf1 Ne7 15. Bxd7 Qxd7 16. Ng3 {1-0 (40) Le,Q (2713)-Vidit,S (2721) Moscow 2019}) 8. Nbd2 Qd7 9. Re1 Rae8 {The position is equal.} 10. Bxe6 $146 ({Predecessor:} 10. Bb5 a6 11. Ba4 b5 12. Bc2 d5 13. Qe2 d4 14. Nf1 Re7 15. Bg5 {0-1 (39) Verastegui Marca,E (1687)-Brielmaier Lopez,C (1678) Montevideo 2014}) 10... fxe6 11. b4 {[%cal Bb2b4,Bb4b5][%mdl 32]} Bb6 12. a4 {Strongly threatening a5.} a5 13. b5 Ne7 14. Nc4 Ng6 15. d4 exd4 16. cxd4 Qd8 17. Nxb6 cxb6 18. Nh2 ({Better is} 18. Nd2 $16) 18... d5 $1 $11 19. f3 Nh5 20. Nf1 dxe4 21. Rxe4 Nf6 22. Bg5 h6 23. Bxf6 $1 Qxf6 24. Qd2 Rd8 25. Rae1 Rd6 26. Ne3 Nf4 27. Kh2 Kh8 ({Black should play} 27... Qf7 $14) 28. Nc4 $16 Rdd8 29. Ne5 (29. g3 $16 Nd5 30. Rxe6) 29... Kg8 30. g3 Nd5 31. f4 $36 {[%mdl 2048] White has some pressure.} Qf5 32. g4 (32. Nf3 $14) 32... Qf6 {[%cal Rd5f4]} 33. Rf1 Rc8 $2 {[%mdl 8192] [#]} (33... g5 $11 {and Black has nothing to worry.}) 34. Nd7 $1 $18 {[%csl LRf6,LRf8][%cal Rd7f6][%mdl 64] Double Attack} Qg6 {[#]} 35. f5 $1 {[%cal Rf5g6][%mdl 512]} exf5 36. Nxf8 Qd6+ $2 (36... Rxf8 {was called for.} 37. gxf5 Rxf5 38. Rxf5 Qxf5) 37. Re5 {White is clearly winning.} Rxf8 (37... Kxf8 $142 38. Qd3 (38. gxf5 Nf6 $16) 38... Ne7) 38. Qa2 Rd8 39. Rfxf5 Qc7 40. Kg2 {Accuracy: White = 51%, Black = 43%.} 1-0

[Event "Xtracon Invite Chess 2020"]
[Site "Vaerloese"]
[Date "2020.01.16"]
[Round "5.3"]
[White "Thybo, Jesper Sondergaard"]
[Black "Antonsen, Mikkel"]
[Result "1-0"]
[WhiteElo "2579"]
[BlackElo "2384"]
[Annotator "TA"]
[PlyCount "105"]
[EventDate "2020.01.13"]
[EventType "tourn"]
[EventCountry "DEN"]
[SourceTitle "playchess.com"]
[Source "ChessBase"]
[SourceQuality "1"]

{[%evp 9,105,0,19,2,12,2,8,6,11,0,0,-7,-7,-11,0,-39,0,0,7,-4,-8,-8,-12,-16,86,91,84,83,93,99,100,103,756,754,735,737,704,190,197,187,292,166,168,171,206,0,163,113,111,-27,-27,-30,0,0,0,0,37,-18,0,0,44,24,22,0,0,0,5,-5,0,0,0,0,0,0,38,38,38,0,0,0,38,39,39,40,91,108,185,175,240,1034,950,886,797,840,387,283,255,240]} 1. c4 e6 2. Nf3 d5 3. e3 Nf6 4. Nc3 dxc4 5. Bxc4 c5 6. b3 {A17: English Opening: 1...Nf6 with ...Bb4} a6 7. Bb2 Nc6 8. Rc1 $146 {The position is equal.} ({Predecessor:} 8. Qc2 Be7 9. a3 b6 10. g4 h6 11. Rg1 b5 12. Be2 {0-1 (41) Wei,Y (2743)-So,W (2792) Wijk aan Zee 2018}) 8... Be7 9. Qc2 b6 10. Qb1 Bb7 11. Be2 Rc8 12. Rg1 Nd7 13. g4 Nde5 14. Nxe5 Nxe5 15. Ne4 Qd5 16. d3 {Black should prevent f4.} f5 (16... Bh4 $11 {remains equal.}) 17. gxf5 $16 exf5 18. Rxg7 fxe4 19. dxe4 Qe6 20. Qa1 $1 $36 {[%mdl 2048] White has strong initiative.} Nc6 $2 {[%mdl 8192]} (20... Ng6 $16 21. Rxg6 {[%mdl 64] Discovered Attack} hxg6 22. Bxh8 Qxe4) 21. Bh5+ $18 Kd8 22. Rd1+ Kc7 23. Rxe7+ $2 (23. Bf7 Qxe4 24. Bd5 Qb4+ 25. Bc3) 23... Qxe7 24. Bxh8 Qxe4 {[#]} (24... Kb8 {is a better defense.} 25. Qf6 Qxe4) 25. Qg7+ (25. Bf3 $142 $1 {[%mdl 512]} Qe7 (25... Qxf3 26. Be5+) 26. Bf6) 25... Kb8 26. Rd7 Qh1+ 27. Kd2 $2 ({Only move:} 27. Ke2 $18 Nb4 28. Qe7 (28. Qxh7 Nxa2 29. Be5+ Ka8 $16)) 27... Na5 $2 (27... Ka8 $1 $11) 28. Qa1 Qg2 {[#] aiming for ...c4.} 29. Be5+ (29. Qf6 $1 $16) 29... Ka8 $11 {...c4 is the strong threat.} 30. Be2 Bc6 (30... c4 $5 {[%cal Rc4b3]} 31. b4 Nc6 $11) 31. Rd3 c4 32. Rc3 $1 Qxf2 33. b4 (33. Qf1 $14 Rd8+ 34. Kc1 Qxf1+ 35. Bxf1) 33... Bf3 34. Qe1 Qxe1+ (34... Rd8+ {is interesting.} 35. Bd4 Qxh2 36. bxa5 Rg8 37. Be5 Rd8+) 35. Kxe1 Bxe2 36. bxa5 {[%mdl 4096] Endgame KRB-KRB} Bd3 {Strongly threatening ...Rc5.} 37. axb6 Kb7 38. Bc7 Rf8 39. Ra3 Rf1+ 40. Kd2 Rf2+ 41. Kc3 Rc2+ 42. Kd4 Rd2 43. Kc3 Rc2+ 44. Kd4 Rd2 45. Ra5 Be2+ 46. Kc3 Rd7 (46... Rd3+ $14 47. Kxc4 Rxe3+ 48. Kd4 Rd3+ 49. Ke4 Rh3) 47. e4 $16 Rf7 (47... Rd3+ $16 48. Kxc4 Rd2+ 49. Kc5 Bh5) 48. Rf5 Rxf5 (48... Re7 {was worth a try.} 49. e5 Bg4) 49. exf5 $18 Bg4 50. f6 {Black must now prevent f7.} Be6 51. a4 a5 52. Kd4 Kc6 53. Bd8 {Accuracy: White = 55%, Black = 45%.} 1-0

[Event "Xtracon Invite Chess 2020"]
[Site "Vaerloese"]
[Date "2020.01.16"]
[Round "5.4"]
[White "Sveshnikov, Evgeny"]
[Black "Yankelevich, Lev"]
[Result "1/2-1/2"]
[WhiteElo "2481"]
[BlackElo "2483"]
[Annotator "TA"]
[PlyCount "99"]
[EventDate "2020.01.13"]
[EventType "tourn"]
[EventCountry "DEN"]
[SourceTitle "playchess.com"]
[Source "ChessBase"]
[SourceQuality "1"]

{[%evp 11,99,-6,0,0,0,0,-9,-8,0,-1,0,-5,-2,-5,18,4,6,8,9,1,0,0,0,-17,0,-25,0,-8,0,-15,-13,-12,-13,-15,0,-10,-6,-10,-3,-12,-14,-13,-6,-12,0,-6,-6,-9,0,-9,0,0,0,0,0,0,0,0,0,0,0,-8,0,0,0,0,0,0,0,-8,-8,-8,-8,-8,0,0,0,0,0,0,0,0,0,0,0,0,0,0,0,0]} 1. e4 e5 2. Nf3 Nc6 3. d4 exd4 4. Nxd4 Nf6 5. Nxc6 bxc6 6. Nd2 d5 7. exd5 {C45: Scotch Game} cxd5 8. Bb5+ Bd7 9. Bxd7+ Qxd7 10. O-O Be7 11. c4 (11. b3 a5 12. a4 O-O 13. Bb2 Qf5 14. Re1 Rfe8 {1-0 (64) Ganguly,S (2633)-Matlakov,M (2699) Moscow 2019}) 11... O-O 12. cxd5 Qxd5 13. Qc2 a5 $146 ({Predecessor:} 13... Bc5 14. Nc4 Rfe8 {½-½ (23) Krupenski,J (2504)-Jepson,C (2431) Sweden 2016}) 14. Nc4 a4 15. Bf4 Qb5 16. Rfe1 ({But not} 16. Bxc7 $2 Rfc8 $19) 16... Nd5 17. Be5 Ra6 18. Rad1 Rc6 19. Qe4 {The position is equal.} Nf6 20. Bxf6 Bxf6 21. b3 axb3 22. axb3 Bc3 {[#] ...Re6 is the strong threat.} 23. Rf1 Re6 24. Qd3 Bf6 25. Rfe1 Rxe1+ 26. Rxe1 Qb4 27. Re3 Qb5 28. g3 Rd8 29. Qe2 h6 30. Qf3 Qc5 31. Kg2 c6 32. Rd3 Rxd3 33. Qxd3 Bd4 34. Qe4 Kf8 35. h4 g6 36. Qf3 Ke7 37. Qe4+ Kd7 38. Qf4 Qd5+ 39. f3 h5 40. Qe4 Qxe4 41. fxe4 $11 {[%mdl 4096] Endgame KB-KN} c5 42. Kf3 Kc6 43. Kf4 Kb5 {Hoping for ...Kb4.} 44. Nd6+ Kb4 {Strongly threatening ...f6.} 45. Nxf7 Kxb3 46. Nd6 c4 {[#]} 47. Nxc4 $1 {[%mdl 512]} Kxc4 48. Kg5 Be5 49. Kxg6 Bxg3 50. Kxh5 {Accuracy: White = 65%, Black = 57%.} 1/2-1/2

[Event "Xtracon Invite Chess 2020"]
[Site "Vaerloese"]
[Date "2020.01.16"]
[Round "5.5"]
[White "Kristensen, Kaare Hove"]
[Black "Sylvan, Jacob"]
[Result "1/2-1/2"]
[WhiteElo "2350"]
[BlackElo "2325"]
[Annotator "TA"]
[PlyCount "19"]
[EventDate "2020.01.13"]
[EventType "tourn"]
[EventCountry "DEN"]
[SourceTitle "playchess.com"]
[Source "ChessBase"]
[SourceQuality "1"]

{[%evp 18,19,27,0]} 1. d4 d5 2. c4 c6 3. Nc3 Nf6 4. cxd5 cxd5 5. Nf3 Nc6 6. Bf4 Nh5 $146 ({Predecessor:} 6... Bf5 7. e3 e6 8. Bd3 Bxd3 9. Qxd3 Bd6 10. Bxd6 Qxd6 {½-½ (10) Dreev,A (2677)-Mamedyarov,S (2772) Moscow 2019}) 7. Bd2 Nf6 8. Bf4 Nh5 9. Bd2 Nf6 10. Bf4 1/2-1/2

[Event "Xtracon Invite Chess 2020"]
[Site "Vaerloese"]
[Date "2020.01.17"]
[Round "6.1"]
[White "Yankelevich, Lev"]
[Black "Berkes, Ferenc"]
[Result "1/2-1/2"]
[WhiteElo "2483"]
[BlackElo "2649"]
[Annotator "TA"]
[PlyCount "62"]
[EventDate "2020.01.13"]
[EventType "tourn"]
[EventCountry "DEN"]
[SourceTitle "playchess.com"]
[Source "ChessBase"]
[SourceQuality "1"]

{[%evp 18,62,16,18,26,39,45,56,35,37,39,52,41,62,54,50,44,34,47,39,35,51,43,36,44,35,45,40,35,37,51,41,45,49,47,53,56,54,83,36,34,35,31,33,89,8,14]} 1. d4 Nf6 2. c4 e6 3. Nf3 d5 4. Nc3 Be7 5. Bf4 O-O 6. e3 c5 7. dxc5 Bxc5 8. Qc2 Nc6 9. Rd1 Qa5 10. a3 Rd8 {D37: Queen's Gambit Declined: 5 Bf4} 11. Nd2 d4 12. Nb3 Qb6 {White is slightly better.} 13. Na4 $1 {[%csl LRb6,LRc5][%mdl 64] [#] Double Attack} Bb4+ $1 14. axb4 Qxb4+ 15. Nd2 e5 16. Bg5 Qa5 $1 {[#]} 17. Bxf6 $146 ({Predecessor:} 17. Qb3 Nb4 18. Bxf6 {1-0 (52) Karjakin,S (2753)-Anand,V (2779) Shamkir 2019}) 17... gxf6 18. Qb3 Nb4 $1 19. Be2 {[#] And now exd4 would win.} Bd7 20. Ra1 {aiming for 0-0.} dxe3 21. fxe3 {Strongly threatening 0-0.} b5 22. O-O bxa4 23. Qc3 {Threatens to win with Ne4.} f5 24. Nf3 $1 {[%cal Rf3e5][%mdl 1024] White has compensation.} f6 25. Nh4 $36 {[%mdl 2048] White has some pressure.} Nc6 {[%cal Bb4c6,Bc6e5,Be5g4][%mdl 32]} 26. Qa3 e4 27. Bd1 Ne5 28. Bxa4 Qxa4 29. Qxa4 Bxa4 30. Rxa4 Rab8 (30... f4 $14) 31. Rb1 (31. Nxf5 $16 {b4 is the strong threat.} Rxb2 32. Rxa7) 31... Ng4 $1 {Accuracy: White = 82%, Black = 66%.} 1/2-1/2

[Event "Xtracon Invite Chess 2020"]
[Site "Vaerloese"]
[Date "2020.01.17"]
[Round "6.2"]
[White "Brunello, Sabino"]
[Black "Thybo, Jesper Sondergaard"]
[Result "1/2-1/2"]
[WhiteElo "2536"]
[BlackElo "2579"]
[Annotator "TA"]
[PlyCount "69"]
[EventDate "2020.01.13"]
[EventType "tourn"]
[EventCountry "DEN"]
[SourceTitle "playchess.com"]
[Source "ChessBase"]
[SourceQuality "1"]

{[%evp 29,69,4,14,9,10,12,6,2,11,8,10,0,0,0,4,0,0,-4,0,-1,0,0,18,8,16,8,25,0,0,0,18,5,83,73,94,8,6,8,8,0,0,0]} 1. d4 Nf6 2. c4 e6 3. Nf3 d5 4. Nc3 dxc4 5. e3 a6 6. a4 c5 7. Bxc4 Nc6 8. O-O Be7 9. Qe2 cxd4 10. Rd1 e5 11. exd4 exd4 12. Nxd4 Nxd4 13. Qe5 Qd6 14. Qxd6 Bxd6 15. Rxd4 Bc5 16. Rf4 {D27: Queen's Gambit Accepted: Classical main line: 7 e4!? and 7 a4} (16. Rd3 O-O 17. Be3 Bxe3 18. Rxe3 Bd7 19. Nd5 Rfe8 20. Nxf6+ gxf6 21. Rg3+ Kf8 22. Bd3 h6 23. Rf3 Kg7 24. Rf4 Rad8 25. Be4 Bxa4 26. Bxb7 Rd1+ 27. Rxd1 Bxd1 28. h4 Rb8 29. Bxa6 Rxb2 30. Kh2 Be2 {½-½ (30) Wang,Y (2690)-Lu,S (2640) China 2018}) 16... Be6 17. Bxe6 fxe6 18. Rc4 Ba7 $146 ({Predecessor:} 18... Bd6 19. Be3 Ke7 20. Ne4 Nd5 21. Bd4 Rhg8 22. Re1 h6 23. h4 Rad8 24. Nxd6 Kxd6 {½-½ (84) Shinkevich,V (2439)-Fakhrutdinov,T (2481) St Petersburg 2018}) 19. Kf1 O-O 20. f3 Rac8 21. Rb4 Rf7 22. Ke2 Bb8 23. h3 Be5 24. Bd2 Rd7 25. Rc1 Nh5 26. Be3 Ng3+ 27. Kf2 Nf5 {White should prevent ...Bg3+.} 28. Ne2 Rxc1 29. Bxc1 Rc7 30. g4 Nd4 (30... Nd6 $11 {remains equal.}) 31. Nxd4 $16 {Strongly threatening Be3.} Rxc1 {[#]} 32. Nxe6 (32. Ke3 $1 $16) 32... Rc2+ $11 {The position is equal.} 33. Ke3 Rxb2 34. Rxb2 Bxb2 35. Nc5 {Accuracy: White = 59%, Black = 50%.} 1/2-1/2

[Event "Xtracon Invite Chess 2020"]
[Site "Vaerloese"]
[Date "2020.01.17"]
[Round "6.3"]
[White "Hector, Jonny"]
[Black "Sylvan, Jacob"]
[Result "1/2-1/2"]
[WhiteElo "2481"]
[BlackElo "2325"]
[Annotator "TA"]
[PlyCount "190"]
[EventDate "2020.01.13"]
[EventType "tourn"]
[EventCountry "DEN"]
[SourceTitle "playchess.com"]
[Source "ChessBase"]
[SourceQuality "1"]

{[%evp 19,190,50,66,0,0,-13,-15,-22,-16,-31,0,0,0,0,0,0,9,0,0,0,12,0,0,0,15,0,2,4,14,33,43,7,10,15,12,7,7,7,12,6,7,0,7,7,8,8,8,8,8,7,7,7,7,7,7,7,7,7,7,7,7,7,8,8,284,284,284,284,284,284,284,284,284,284,284,284,284,65,65,0,284,284,284,284,284,284,284,284,284,284,284,284,284,0,284,284,284,284,284,284,284,284,271,222,660,1020,353,106,77,8,8,8,8,8,8,8,8,8,8,0,0,0,8,8,8,8,8,8,8,8,8,8,8,8,8,8,8,8,8,8,8,7,7,7,7,7,8,8,8,8,8,8,8,8,8,8,8,8,8,8,8,8,8,8,8,8,8,8,8,0,0,0,0]} 1. e4 c5 2. Nf3 Nc6 3. d4 cxd4 4. Nxd4 Nf6 5. Nc3 e5 6. Ndb5 d6 7. Bg5 a6 8. Na3 b5 9. Bxf6 gxf6 10. Nd5 Bg7 11. g4 {B33: Sicilian: Pelikan and Sveshnikov Variations} (11. Bd3 $14) (11. Bd3 Ne7 12. Nxe7 Qxe7 13. c4 f5 14. O-O O-O 15. Qh5 d5 16. cxd5 Qd8 17. exf5 Qxd5 18. Rad1 e4 19. Bxb5 Qxf5 20. Qxf5 Bxf5 21. Bd7 Bxd7 22. Rxd7 Bxb2 23. Nc4 {½-½ (52) Sarana,A (2655)-Carlsen,M (2876) Douglas 2019}) 11... Ne7 $11 12. Rg1 Nxd5 13. Qxd5 Be6 14. Qd2 $146 ({Predecessor:} 14. Qc6+ Ke7 15. O-O-O Qb8 16. Qc3 b4 17. Qg3 Bh6+ 18. Kb1 Bf4 {0-1 (28) Rodriguez,A-Braga,F (2455) Curitiba 1993}) 14... d5 (14... Bf8 {keeps more tension.} 15. c3 h5 16. gxh5 Rxh5 17. Nc2 Rxh2 18. Ne3 Ke7) 15. exd5 $1 Qxd5 16. Qxd5 Bxd5 17. c4 bxc4 18. Bxc4 Be4 19. Rd1 Bf8 20. Rg3 Bb4+ 21. Ke2 O-O 22. Bd5 Bxd5 23. Rxd5 Rfd8 24. Rxd8+ Rxd8 {[%mdl 4096] Endgame KRB-KRN} 25. Rb3 Rd4 26. Nc2 Rd2+ {[%mdl 64] Double Attack} 27. Ke3 Rxc2 28. Rxb4 {KR-KR} Kg7 29. Rb6 a5 30. a3 a4 31. h4 h5 32. gxh5 Kh6 33. Rxf6+ Kxh5 34. Rf5+ Kxh4 35. Rxe5 Rxb2 36. Re4+ Kg5 37. Rxa4 Rb3+ 38. Ke2 f5 39. Kf1 f4 40. Kg2 Kg4 41. Ra8 f3+ $2 {[%mdl 8192]} (41... Kh4 $11) 42. Kh2 $1 $18 Rb2 43. Ra4+ Kg5 44. Kg3 Rb3 45. Rg4+ Kh5 46. a4 Ra3 47. Rb4 Kg6 48. Kf4 $2 (48. Kg4 $18) 48... Kh5 $1 $14 49. Kg3 $2 (49. Kf5 $1 $14) 49... Kg6 $1 $18 50. Kg4 Kf6 51. Rb6+ Ke5 52. Ra6 Ke4 53. Rf6 Ke5 54. Rf4 ({Inferior is} 54. Rxf3 Rxa4+ 55. Kg5 Ra8 $11) 54... Ke6 55. Rd4 Ke5 56. Rb4 $2 (56. Rc4 $1 $18) 56... Kd5 $2 {[%mdl 8192]} (56... Kf6 $1 $11) 57. Kf4 Kc5 58. Rb5+ Kc6 59. Ra5 Kb6 60. Ra8 $1 Kb7 {[#]} 61. Rd8 $1 Rxa4+ $2 (61... Kb6 62. Rd6+ Kb7) 62. Kxf3 Kc7 {[#]} 63. Rd2 $2 (63. Rd3 $1 $18 {and the rest is easy.}) 63... Ra8 $16 64. Rd5 (64. Ke4 $16) 64... Kc6 $11 {The position is equal.} 65. Rd4 Kc5 66. Rd2 Rf8+ 67. Kg4 {aiming for f4.} Rg8+ 68. Kf5 Rf8+ 69. Ke6 Kc4 70. Ke5 Re8+ 71. Kf4 Rf8+ 72. Kg3 {Black should prevent f4.} Rg8+ $1 73. Kh3 {f4 is the strong threat.} Rf8 74. Kg2 Rg8+ 75. Kf1 Rf8 76. Rd7 Kc5 77. Rd3 Kc4 78. Rd6 Kc5 79. Rd7 Kc4 80. Kg2 Rg8+ 81. Kh3 Rf8 82. Rd2 Kc3 83. Ra2 Kd4 84. Re2 Rh8+ 85. Kg2 Rg8+ 86. Kf1 Rf8 87. Re3 Kd5 88. Ke2 Kd4 89. Re7 Kd5 90. Ke3 Kd6 91. Re4 Rf5 92. f4 Rf6 93. Kf3 {And now Kg4 would win.} Re6 94. Rxe6+ Kxe6 95. f5+ Kxf5 {Accuracy: White = 51%, Black = 77%.} 1/2-1/2